000 00549nam a2200181Ia 4500
003 GCL
008 140319s9999 xx 000 0 ara d
040 _aGCL /
_cGCL
082 0 4 _a641.7
_bزم
100 1 _aزهيدة زيوار الجابى
245 1 0 _aالمطبخ الشامى: اطيب واشهى الماكولات /
_cزهيدة زيوار الجابى
260 _a[S.N] :
_bدار المعرفة ،
_c1989
300 _a119 ص
490 _a
650 0 4 _aالاقتصاد المنزلى
650 0 4 _aالطهى
942 _2ddc
_cBK
999 _c53594
_d53594